[Event "HZ Open"]
[Site "Vlissingen NED"]
[Date "2006.08.06"]
[Round "3"]
[White "Westerweele,M"]
[Black "Tiggelman,R"]
[Result "0-1"]
[WhiteElo "1967"]
[BlackElo "2211"]
[EventDate "2006.08.05"]

1. e4 c5 2. c3 b6 3. d4 Bb7 4. Bd3 Nf6 5. Qe2 cxd4 6. cxd4 Nc6 7. Nf3 Nb4
8. Nc3 Nxd3+ 9. Qxd3 e6 10. O-O Be7 11. d5 exd5 12. exd5 d6 13. Re1 O-O 14.
Bd2 Nd7 15. Rad1 Bf6 16. Bf4 Nc5 17. Qd2 Ba6 18. Re3 Rc8 19. Nd4 Qd7 20. b4
Na4 21. Nxa4 Bxd4 22. Re4 Bf6 23. Nb2 Bc3 0-1

[Event "HZ Open"]
[Site "Vlissingen NED"]
[Date "2006.08.06"]
[Round "3"]
[White "Van den Berg,Ad"]
[Black "Bekaert,P"]
[Result "1-0"]
[WhiteElo "2175"]
[BlackElo "2044"]
[EventDate "2006.08.05"]

1. c4 g6 2. d4 Bg7 3. Nc3 c5 4. Nf3 Nf6 5. e4 O-O 6. e5 Ng4 7. h3 cxd4 8.
Qxd4 Nh6 9. Bf4 f5 10. Qe3 Nf7 11. O-O-O Qa5 12. Rd5 Qb6 13. c5 Qa5 14. c6
Qb6 15. Qxb6 axb6 16. cxd7 Bxd7 17. Rxd7 Nxd7 18. e6 Nfe5 19. exd7 Nxd7 20.
Bc4+ Kh8 21. Rd1 Nc5 22. Be5 Rfc8 23. Bd5 e6 24. Bxg7+ Kxg7 25. Bxb7 Nxb7
26. Rd7+ Kf6 27. Rxb7 Ra6 28. Rxh7 Rxa2 29. Rb7 Ra1+ 30. Kd2 Rd8+ 31. Ke2
Rd6 32. g4 g5 33. Nb5 Rc6 34. Nfd4 Rc5 35. Rxb6 Re5+ 36. Kd2 f4 37. Nc7 Rf1
38. f3 Rf2+ 39. Kc3 Re3+ 40. Kc4 Rh2 41. Ncxe6 1-0

[Event "HZ Open"]
[Site "Vlissingen NED"]
[Date "2006.08.06"]
[Round "3"]
[White "Wolferink,F"]
[Black "Holwijn,M"]
[Result "1-0"]
[WhiteElo "2141"]
[BlackElo "2002"]
[EventDate "2006.08.05"]

1. e4 e5 2. Nf3 Nf6 3. Bc4 Nxe4 4. Nc3 Nd6 5. Bb3 Nc6 6. O-O Be7 7. Re1 O-O
8. Nxe5 Bf6 9. d4 Nf5 10. Nxf7 Rxf7 11. Bxf7+ Kxf7 12. Qh5+ g6 13. Qxh7+
Ng7 14. Nd5 Nxd4 15. Nf4 d6 16. Qxg6+ Kf8 17. Nd5 Be5 18. Bg5 Qd7 19. Rxe5
dxe5 20. Be7+ 1-0

[Event "HZ Open"]
[Site "Vlissingen NED"]
[Date "2006.08.06"]
[Round "3"]
[White "Jimenez Martin,G"]
[Black "Visser,A"]
[Result "1/2-1/2"]
[WhiteElo "2133"]
[BlackElo "1986"]
[EventDate "2006.08.05"]

1. d4 Nf6 2. Nc3 d5 3. Bg5 Nbd7 4. Qd3 c6 5. f3 Qa5 6. Nh3 h6 7. Bd2 Qd8 8.
e4 e6 9. O-O-O dxe4 10. fxe4 Be7 11. Be2 a6 12. Qg3 g5 13. e5 Nd5 14. Nxd5
exd5 15. e6 Nf6 16. exf7+ Kf8 17. Nf2 Bd6 18. Qd3 Kxf7 19. h4 g4 20. h5 Qg8
21. Rdf1 Be6 22. Qb3 Rb8 23. Nd3 Ke7 24. Nf4 Bf7 25. Bd3 Ne4 26. Bb4 Bxb4
27. Qxb4+ Kd7 28. Bxe4 dxe4 29. Re1 Qg5 30. g3 Rhe8 31. c4 a5 32. Qc3 b5
33. d5 bxc4 34. Qxa5 Bxd5 35. Qa7+ Kd6 36. Qd4 c5 37. Qc3 Ra8 38. Rd1 Re5
39. Qxc4 Kc6 40. Rxd5 Rxd5 41. Qxd5+ Qxd5 42. Nxd5 Kxd5 43. a3 1/2-1/2

[Event "HZ Open"]
[Site "Vlissingen NED"]
[Date "2006.08.06"]
[Round "3"]
[White "Fernandez,D SIN"]
[Black "Zambrana,O"]
[Result "0-1"]
[WhiteElo "1955"]
[BlackElo "2429"]
[EventDate "2006.08.05"]

1. e4 c5 2. Nf3 d6 3. d4 cxd4 4. Nxd4 Nf6 5. Nc3 a6 6. Rg1 e5 7. Nb3 Be6 8.
g4 d5 9. exd5 Nxd5 10. Nxd5 Qxd5 11. Qxd5 Bxd5 12. Be3 Nc6 13. O-O-O Bf3
14. Rd2 h5 15. g5 Rd8 16. g6 f5 17. Bc4 f4 18. Bf7+ Ke7 19. Bb6 Rxd2 20.
Nxd2 Bg4 21. Ne4 Kd7 22. c3 Be7 23. b4 Nd8 24. Bd5 Rh6 25. Bxd8 Kxd8 26.
Bxb7 Rxg6 27. f3 Kc7 28. Bxa6 Rxa6 29. fxg4 Rxa2 30. gxh5 Ra1+ 0-1

[Event "HZ Open"]
[Site "Vlissingen NED"]
[Date "2006.08.06"]
[Round "3"]
[White "Zegstroo,M"]
[Black "Porte,H"]
[Result "1/2-1/2"]
[WhiteElo "1879"]
[BlackElo "2147"]
[EventDate "2006.08.05"]

1. e4 c6 2. d4 d5 3. Nd2 dxe4 4. Nxe4 Bf5 5. Ng3 Bg6 6. Bc4 e6 7. N1e2 Bd6
8. Nf4 Qc7 9. Ngh5 Bxf4 10. Nxf4 Nf6 11. Qe2 O-O 12. Nxg6 hxg6 13. O-O Nbd7
14. g3 Nb6 15. Bb3 Nbd5 16. c4 Ne7 17. Bf4 Qd8 18. Rad1 Nf5 19. Be5 Nd7 20.
d5 exd5 21. cxd5 Qe7 22. f4 Qc5+ 23. Qf2 Ne3 24. Rc1 Qb6 25. Bc7 Qxc7 26.
Qxe3 Rfe8 27. Qf2 Nf6 28. dxc6 Ne4 29. cxb7 Qxb7 30. Qg2 Qb6+ 31. Kh1 Rad8
32. Rc2 Nf6 33. Re2 Ng4 34. Rxe8+ Rxe8 35. Qd5 Re7 36. Qf3 Qb5 37. h3 Re3
38. Qg2 Re2 39. Qa8+ Re8 40. Qf3 Re3 41. Qd1 Nf6 42. Rg1 Qe8 43. Kh2 Re2+
44. Rg2 Re1 45. Qd2 Nh5 46. Bc4 Ra1 47. Re2 Qc6 48. Qd5 Qxd5 1/2-1/2

[Event "HZ Open"]
[Site "Vlissingen NED"]
[Date "2006.08.06"]
[Round "3"]
[White "Friesen,B"]
[Black "Ziska,A"]
[Result "1-0"]
[WhiteElo "2146"]
[BlackElo "1840"]
[EventDate "2006.08.05"]

1. e4 c5 2. c3 e6 3. d4 d5 4. exd5 exd5 5. Be3 cxd4 6. Bxd4 Nf6 7. Nf3 Be7
8. Be2 O-O 9. O-O Nc6 10. Be3 Bf5 11. Nbd2 h6 12. Nb3 Re8 13. Nfd4 Bh7 14.
Nxc6 bxc6 15. Nd4 Qc7 16. Qa4 Rec8 17. Rfe1 a5 18. Bf3 Bd6 19. h3 Ne4 20.
Bg4 Nc5 21. Qd1 Re8 22. Bf5 Ne6 23. Qg4 Nxd4 24. Bxd4 Bf8 25. Bxh7+ Kxh7
26. Re2 Rxe2 27. Qxe2 Qf4 28. Re1 Bd6 29. Qd3+ Kg8 30. g3 Qg5 31. Be3 Qd8
32. Kg2 Qd7 33. Rd1 Bc7 34. c4 Rd8 35. cxd5 Qxd5+ 36. Qxd5 Rxd5 37. Rc1 Be5
38. b3 Bd4 39. Bxd4 Rxd4 40. Rxc6 Rd2 41. a4 Rb2 42. Rb6 g6 43. g4 Kg7 44.
h4 g5 45. h5 Rb1 46. Rb5 Kf6 47. Kf3 Ke6 48. Ke3 f6 49. Kd4 Rd1+ 50. Kc3
Rg1 51. f3 Re1 52. Rf5 Rc1+ 53. Kd4 Rb1 54. Kc4 Rc1+ 55. Kb5 Rb1 56. Kxa5
Rxb3 57. Ka6 Rb4 58. a5 Rb3 59. Ka7 Ke7 60. a6 Ke6 61. Ka8 Ke7 62. a7 Ke6
63. Ra5 Kd7 64. Ra6 Ke7 65. Rc6 Rb4 66. Rc7+ Kd8 67. Rb7 Rc4 68. Rb6 Kc7
69. Rb7+ Kc8 70. Rh7 Rf4 71. Rxh6 Rxf3 72. Rh8+ Kc7 73. Rh7+ Kc8 74. Rf7
Rf4 75. h6 Rxg4 76. h7 Rh4 77. Rf8+ 1-0

[Event "HZ Open"]
[Site "Vlissingen NED"]
[Date "2006.08.07"]
[Round "4"]
[White "Nijboer,F"]
[Black "Delemarre,J"]
[Result "1/2-1/2"]
[WhiteElo "2598"]
[BlackElo "2471"]
[EventDate "2006.08.05"]

1. e4 c6 2. d4 d5 3. e5 Bf5 4. Nf3 e6 5. Be2 Nd7 6. O-O Bg6 7. Nbd2 Nh6 8.
Nb3 Be7 9. Bxh6 gxh6 10. Qd2 h5 11. Nc1 c5 12. Nd3 Qb6 13. c3 Rc8 14. Rad1
a6 15. Nf4 cxd4 16. Nxd4 Nxe5 17. Rfe1 Qd6 18. Nxh5 Rg8 19. Ng3 Nc6 20. Nb3
Rd8 21. Bg4 Ne5 22. Be2 Nc6 23. Qc1 Qc7 24. Bf1 Ne5 25. Nd4 Ng4 26. Be2 Nf6
27. Bf3 Rd7 28. b3 h5 29. h4 e5 30. Ndf5 Bxf5 31. Nxf5 e4 32. Qh6 Qe5 33.
Ng7+ Kd8 34. Nxh5 Rg6 35. Qh8+ Rg8 36. Qh6 Rg6 37. Qh8+ Rg8 1/2-1/2

[Event "HZ Open"]
[Site "Vlissingen NED"]
[Date "2006.08.07"]
[Round "4"]
[White "Khmelniker,I"]
[Black "Ikonnikov,Vy"]
[Result "1/2-1/2"]
[WhiteElo "2461"]
[BlackElo "2587"]
[EventDate "2006.08.05"]

1. d4 Nf6 2. c4 e6 3. Nf3 Bb4+ 4. Bd2 c5 5. Bxb4 cxb4 6. g3 a5 7. Bg2 O-O
8. Nbd2 d6 9. Nf1 Na6 10. Ne3 Bd7 11. O-O b5 12. Ne5 Rb8 13. Nxd7 Qxd7 14.
Qd3 bxc4 15. Nxc4 Qb5 16. Nxd6 Qxd3 17. exd3 Rfd8 18. Nb7 Rxd4 19. Nxa5
Rxd3 20. Rfc1 Rd6 21. Nc6 Re8 22. Bf1 Nb8 23. Nxb4 Rb6 24. a3 g6 25. Bg2
Nbd7 26. Rc7 Rd6 27. Rc6 Rd4 28. Rac1 Rd8 29. f4 Ng4 30. Bf3 Ndf6 31. R6c2
R8d6 32. Re1 h5 33. Nc6 Rd2 34. Rxd2 Rxd2 35. Re2 Rd3 36. Bxg4 Nxg4 37. a4
h4 38. gxh4 Rd1+ 39. Kg2 Nf6 40. a5 Nd5 41. a6 Rc1 42. a7 Nb6 43. Nd4 Ra1
44. Nb5 Ra5 45. Re5 Ra2 46. Rc5 Rxb2+ 47. Kg3 Kg7 48. Rc6 Rxb5 49. Rxb6
Rxb6 50. a8=Q Rb5 51. Qa1+ Kg8 52. Qf6 Rf5 53. Qd8+ Kg7 54. Kg4 Rd5 55. Qb8
Rf5 56. Qb2+ Kg8 57. Qc3 Rd5 58. Kf3 Rf5 59. Ke4 Kh7 60. Qb4 Kg8 61. Qd4
Kh7 62. Qd8 Kg7 63. Qa8 Rh5 64. h3 Rf5 65. Qd8 Rh5 66. Qd1 Rf5 67. Qd4+ Kh7
68. Qd7 Kg7 69. Qa7 Rh5 70. Qc7 Rf5 71. Qc3+ Kh7 72. Kf3 Kg8 73. Kg4 Kh7
74. Qc7 Kg7 75. Qc3+ Kh7 76. Qd4 Kg8 77. Qd8+ 1/2-1/2

[Event "HZ Open"]
[Site "Vlissingen NED"]
[Date "2006.08.07"]
[Round "4"]
[White "L'Ami,E"]
[Black "Spoelman,W"]
[Result "1/2-1/2"]
[WhiteElo "2586"]
[BlackElo "2461"]
[EventDate "2006.08.05"]

1. d4 Nf6 2. c4 e6 3. Nc3 Bb4 4. Qc2 O-O 5. a3 Bxc3+ 6. Qxc3 b6 7. Bg5 Bb7
8. f3 h6 9. Bh4 d5 10. e3 Nbd7 11. cxd5 Nxd5 12. Bxd8 Nxc3 13. Bh4 Nd5 14.
Bf2 f5 15. Bb5 c6 16. Bd3 e5 17. Ne2 Rae8 18. O-O exd4 19. exd4 Nb8 20. Nc3
Ba6 21. Bxa6 Nxa6 22. Nxd5 cxd5 23. Rac1 Rf7 24. Rc2 Rc7 25. Rfc1 Rec8 26.
Rxc7 Rxc7 27. Re1 f4 28. g3 Rc2 29. gxf4 Nc7 30. f5 Rxb2 31. Re7 Nb5 32. a4
Nc3 33. Rxa7 Ra2 34. Rc7 Nd1 35. Bh4 Ne3 36. f6 Nf5 37. Rc8+ Kf7 38. Rc7+
Kg8 39. Rc8+ Kf7 40. Rc7+ 1/2-1/2

[Event "HZ Open"]
[Site "Vlissingen NED"]
[Date "2006.08.07"]
[Round "4"]
[White "Garbisu de Goni,U"]
[Black "Erenburg,S"]
[Result "0-1"]
[WhiteElo "2444"]
[BlackElo "2585"]
[EventDate "2006.08.05"]

1. e4 c6 2. d4 d5 3. e5 Bf5 4. c4 e6 5. Nc3 Nd7 6. a3 dxc4 7. Bxc4 Ne7 8.
Nge2 Nb6 9. Bb3 Ned5 10. Ng3 Bg6 11. Nce4 Be7 12. h4 f6 13. exf6 gxf6 14.
Qe2 Nd7 15. Rh3 Qb6 16. h5 Bxe4 17. Nxe4 Qxd4 18. Rd3 Qb6 19. Be3 Qa6 20.
f4 Rg8 21. Kf1 f5 22. Nc3 N7f6 23. Kg1 O-O-O 24. Rc1 Kb8 25. Bc4 Qxc4 26.
Nxd5 Rxg2+ 27. Kxg2 Qe4+ 28. Qf3 Rg8+ 29. Kf2 exd5 30. Qxe4 Nxe4+ 31. Kf1
Rg3 32. Rcd1 b6 33. Bf2 Rg4 34. Rf3 Bf6 35. Bd4 Bxd4 36. Rxd4 Rh4 37. Kg2
Rg4+ 38. Kf1 Kc7 39. Rd1 Rh4 40. Kg2 Rg4+ 41. Kh3 Kd6 42. Re1 c5 43. b3 d4
44. a4 Kd5 45. Rd1 a6 46. Re1 Rg8 47. Kh2 Kc6 48. Ra1 Kd5 49. Re1 b5 50.
axb5 axb5 51. Ra1 c4 52. Ra5 Nd2 53. bxc4+ Ke4 54. Rf2 Nf3+ 55. Rxf3 Kxf3
56. Rxb5 Rd8 0-1

[Event "HZ Open"]
[Site "Vlissingen NED"]
[Date "2006.08.07"]
[Round "4"]
[White "Landa,K"]
[Black "Barua,D"]
[Result "0-1"]
[WhiteElo "2584"]
[BlackElo "2453"]
[EventDate "2006.08.05"]

1. d4 d5 2. c4 e6 3. Nc3 Nf6 4. cxd5 exd5 5. Bg5 c6 6. e3 Be7 7. Bd3 Nbd7
8. h3 Nf8 9. Nge2 Ne6 10. Bh4 Nh5 11. Bxe7 Qxe7 12. Qc2 g6 13. O-O-O Bd7
14. Kb1 Nf6 15. f3 O-O-O 16. e4 dxe4 17. fxe4 Kb8 18. Rhf1 Bc8 19. Qc1 Rhf8
20. Qe3 Nc7 21. Qh6 Be6 22. Rfe1 Nd7 23. d5 Ne5 24. Bc2 cxd5 25. exd5 Nxd5
26. g4 f6 27. Nxd5 Bxd5 28. Nc3 Bc6 29. Qf4 g5 30. Qf5 h6 31. Be4 Rxd1+ 32.
Rxd1 Rd8 33. Rf1 Bxe4+ 34. Qxe4 Rd6 35. a3 Qd8 36. Ka1 a6 37. Qh7 Nc4 38.
Qf7 Ne5 39. Qh7 Nc4 40. Qf7 Ne3 41. Rc1 Ka7 42. Qb3 Qb6 43. Qxb6+ Rxb6 44.
Ka2 Ng2 45. Rf1 Nf4 46. Rf3 Re6 47. Nd1 Re1 48. Ne3 Rh1 49. Nf5 Rxh3 50.
Rxh3 Nxh3 51. Kb3 Kb6 52. Kc4 Kc6 53. a4 Nf4 54. Nxh6 a5 55. Kd4 Ne6+ 56.
Kc4 Nc5 57. b4 axb4 58. Kxb4 Nd3+ 59. Kc4 Ne5+ 60. Kd4 Kb6 61. Kc3 Ka5 62.
Kb3 b5 63. axb5 Kxb5 64. Kc3 Kc5 65. Kd2 Kd4 66. Nf5+ Ke4 67. Ne3 Kf3 68.
Nd5 Nxg4 69. Ke1 f5 70. Nc7 Ne3 71. Ne6 g4 72. Nd4+ Ke4 0-1

[Event "HZ Open"]
[Site "Vlissingen NED"]
[Date "2006.08.07"]
[Round "4"]
[White "Klenburg,M"]
[Black "Stellwagen,D"]
[Result "1/2-1/2"]
[WhiteElo "2403"]
[BlackElo "2575"]
[EventDate "2006.08.05"]

1. e4 c5 2. Nf3 e6 3. d3 Nc6 4. g3 g6 5. Bg2 Bg7 6. O-O Nge7 7. Re1 O-O 8.
Nbd2 d6 9. c3 b5 10. a3 a5 11. Qc2 Bb7 12. a4 b4 13. Nc4 d5 14. exd5 Nxd5
15. Bd2 h6 16. Rad1 Qc7 17. Re2 Rad8 18. Rde1 Ba6 19. Nfe5 Nxe5 20. Nxe5
Bb7 21. Qc1 Kh7 22. Ng4 h5 23. Ne5 Nb6 24. Bxb7 Qxb7 25. Qc2 Rd5 26. Bf4
Rfd8 27. d4 cxd4 28. cxd4 Rxd4 29. Nxg6 b3 30. Nf8+ Kg8 31. Qh7+ Kxf8 32.
Bh6 Rg4 33. Bxg7+ Rxg7 34. Qh8+ Rg8 35. Qh6+ Rg7 36. Qh8+ Rg8 37. Qh6+ Rg7
1/2-1/2

[Event "HZ Open"]
[Site "Vlissingen NED"]
[Date "2006.08.07"]
[Round "4"]
[White "Li Shilong"]
[Black "Pedersen,Stef"]
[Result "1-0"]
[WhiteElo "2540"]
[BlackElo "2436"]
[EventDate "2006.08.05"]

1. d4 Nf6 2. c4 g6 3. Nc3 Bg7 4. e4 d6 5. Be2 O-O 6. Bg5 Na6 7. h4 e5 8. d5
h6 9. Be3 Nc5 10. Qc2 c6 11. h5 cxd5 12. cxd5 Qa5 13. Bd2 Bd7 14. Rb1 Qd8
15. Bf3 Rc8 16. Nge2 a5 17. hxg6 fxg6 18. Bxh6 Bxh6 19. Rxh6 Kg7 20. Rh1 b5
21. Qd2 Rh8 22. Rxh8 Qxh8 23. Ng3 b4 24. Nce2 Nfxe4 25. Bxe4 Nxe4 26. Qe3
Nxg3 27. Nxg3 Rc4 28. Rd1 Qh2 29. Qa7 Kh6 30. Qxd7 Qg1+ 31. Ke2 Rc2+ 32.
Rd2 Rxd2+ 33. Kxd2 Qxf2+ 34. Ne2 Qxg2 35. Qxd6 Qg5+ 36. Kd1 Qf5 37. Qc5
Qd3+ 38. Ke1 Kg5 39. Qe7+ 1-0

[Event "HZ Open"]
[Site "Vlissingen NED"]
[Date "2006.08.07"]
[Round "4"]
[White "Van der Wiel,J"]
[Black "Perez,Rod"]
[Result "1/2-1/2"]
[WhiteElo "2508"]
[BlackElo "2406"]
[EventDate "2006.08.05"]

1. e4 e5 2. Nf3 Nf6 3. Nxe5 d6 4. Nf3 Nxe4 5. Nc3 Nxc3 6. dxc3 Be7 7. Be3
Nc6 8. Qd2 Be6 9. O-O-O Qd7 10. Bb5 a6 11. Ba4 b5 12. Bb3 O-O 13. Rhe1 Rfe8
14. Kb1 Bf6 15. Bg5 Bxg5 16. Nxg5 Bxb3 17. axb3 Rxe1 18. Rxe1 h6 19. Ne4
Re8 20. Re3 Re5 21. f4 1/2-1/2

[Event "HZ Open"]
[Site "Vlissingen NED"]
[Date "2006.08.07"]
[Round "4"]
[White "Vedder,R"]
[Black "Gurevich,M"]
[Result "0-1"]
[WhiteElo "2229"]
[BlackElo "2643"]
[EventDate "2006.08.05"]

1. e4 d6 2. d4 g6 3. Nc3 Bg7 4. Nf3 Nf6 5. Be2 O-O 6. O-O Nc6 7. Be3 Bg4 8.
d5 Bxf3 9. Bxf3 Ne5 10. Be2 c6 11. f4 Ned7 12. Bf3 Qa5 13. Qe1 Rfc8 14. Rd1
cxd5 15. exd5 Nb6 16. Bd4 Rc7 17. Ne4 Qxe1 18. Nxf6+ Bxf6 19. Rfxe1 Rxc2
20. Bxf6 exf6 21. Rc1 Rac8 22. Re8+ Rxe8 23. Rxc2 Re7 24. Kf2 Kf8 25. g3 f5
26. b3 Rd7 27. Ke3 Ke8 28. Kd3 Kd8 29. a3 Na8 30. Kd2 Nc7 31. b4 Re7 32.
Rc3 Re8 33. Re3 Rxe3 34. Kxe3 Nb5 35. Be2 Nxa3 36. Kd2 Kc7 0-1

[Event "HZ Open"]
[Site "Vlissingen NED"]
[Date "2006.08.07"]
[Round "4"]
[White "Lacrosse,M"]
[Black "Smeets,J"]
[Result "0-1"]
[WhiteElo "2225"]
[BlackElo "2532"]
[EventDate "2006.08.05"]

1. d4 d5 2. c4 e6 3. Nf3 c6 4. Nc3 dxc4 5. a4 Bb4 6. e3 b5 7. Bd2 a5 8.
axb5 Bxc3 9. Bxc3 cxb5 10. b3 Bb7 11. d5 Nf6 12. bxc4 b4 13. Bxf6 Qxf6 14.
Qa4+ Nd7 15. Nd4 e5 16. Nb3 Ke7 17. Be2 Rhc8 18. O-O Nc5 19. Nxc5 Rxc5 20.
f4 e4 21. Rfd1 Kd6 22. Rd4 Qe7 23. Qc2 f5 24. Qb2 Qf6 25. Ra2 Bc8 26. Bd1
Bd7 27. g3 g5 28. fxg5 Qxg5 29. Kf2 Qh6 30. h4 Qg7 0-1

[Event "HZ Open"]
[Site "Vlissingen NED"]
[Date "2006.08.07"]
[Round "4"]
[White "Michiels,B"]
[Black "Keessen,AJ"]
[Result "1/2-1/2"]
[WhiteElo "2455"]
[BlackElo "2234"]
[EventDate "2006.08.05"]

1. e4 c5 2. Nf3 e6 3. d4 cxd4 4. Nxd4 Nc6 5. Nb5 d6 6. c4 Nf6 7. N1c3 a6 8.
Na3 b6 9. Be2 Bb7 10. O-O Be7 11. Be3 O-O 12. f3 Re8 13. Qd2 d5 14. cxd5
exd5 15. Nxd5 Nxd5 16. Qxd5 Qxd5 17. exd5 Bxa3 18. dxc6 Bxc6 19. Kf2 Bxb2
20. Rab1 Be5 21. Rfc1 Bd5 22. Rxb6 Bxa2 23. Rxa6 Rxa6 24. Bxa6 g6 25. f4
Bf6 26. Bb7 Be6 27. Bf3 h5 28. Rd1 Rc8 29. Rd2 1/2-1/2

[Event "HZ Open"]
[Site "Vlissingen NED"]
[Date "2006.08.07"]
[Round "4"]
[White "Roeder,M"]
[Black "Van Zutphen,J"]
[Result "1-0"]
[WhiteElo "2423"]
[BlackElo "2194"]
[EventDate "2006.08.05"]

1. Nf3 Nf6 2. c4 g6 3. Nc3 d5 4. cxd5 Nxd5 5. Qa4+ c6 6. Nxd5 Qxd5 7. e4
Qd8 8. d4 Bg7 9. Be3 O-O 10. Rd1 Nd7 11. Be2 Qc7 12. O-O e5 13. d5 cxd5 14.
exd5 Nb6 15. Qb4 Bf5 16. Rd2 Rfd8 17. Rfd1 Rac8 18. a4 Qd6 19. Qh4 Nd7 20.
a5 Nc5 21. Ng5 h6 22. Ne6 g5 23. Qh5 Bg6 24. Qg4 fxe6 25. dxe6 Nd3 26. Bxd3
Bxd3 27. Rxd3 Qe7 28. Bc5 Qe8 29. Rxd8 Rxd8 30. Rxd8 Qxd8 31. e7 Qe8 32.
Qe6+ Kh7 33. h4 gxh4 34. Kh2 a6 35. b4 h3 36. g4 Kh8 37. Kxh3 Kh7 38. f3
Kh8 39. Kh4 Kh7 40. Be3 h5 41. g5 1-0

[Event "HZ Open"]
[Site "Vlissingen NED"]
[Date "2006.08.07"]
[Round "4"]
[White "Tiggelman,R"]
[Black "Kohlweyer,B"]
[Result "0-1"]
[WhiteElo "2211"]
[BlackElo "2419"]
[EventDate "2006.08.05"]

1. d4 Nf6 2. Nf3 d5 3. c4 e6 4. g3 dxc4 5. Qa4+ c6 6. Qxc4 b5 7. Qd3 Bb7 8.
Bg2 Nbd7 9. O-O a6 10. Nc3 c5 11. dxc5 Bxc5 12. Bf4 O-O 13. Rad1 Qb6 14.
Ng5 Bxg2 15. Kxg2 h6 16. Nh7 Qc6+ 17. Kg1 Rfc8 18. Nxf6+ Nxf6 19. e4 Bb4
20. Rc1 Bxc3 21. f3 Qb6+ 22. Be3 Qa5 23. bxc3 Qxa2 24. Bd4 Qc4 25. Qe3 Nh7
26. f4 Rd8 27. Rf3 b4 28. Rcf1 b3 29. g4 Rab8 30. g5 b2 31. Rb1 hxg5 32.
fxg5 e5 33. Bxe5 Rb5 34. Bd4 a5 35. g6 fxg6 36. e5 a4 37. e6 a3 38. e7 Re8
39. Qe4 a2 40. Rbf1 b1=Q 0-1

[Event "HZ Open"]
[Site "Vlissingen NED"]
[Date "2006.08.07"]
[Round "4"]
[White "Van den Berg,Ad"]
[Black "Leenhouts,K"]
[Result "0-1"]
[WhiteElo "2175"]
[BlackElo "2395"]
[EventDate "2006.08.05"]

1. e4 g6 2. d4 Bg7 3. c4 Nc6 4. Nf3 e5 5. Bg5 Nge7 6. d5 Nd4 7. d6 cxd6 8.
Nc3 O-O 9. Nxd4 exd4 10. Nb5 h6 11. Bf4 f5 12. Bxd6 Nc6 13. exf5 Rxf5 14.
Bd3 Rf6 15. c5 Qa5+ 16. Kf1 b6 17. a3 Ba6 18. b4 Qxb5 19. Bxb5 Bxb5+ 20.
Kg1 Re8 21. h4 Be2 22. Qb3+ Kh7 23. Bg3 d3 24. Qd5 bxc5 25. bxc5 Re7 26.
Rb1 Rf5 27. Qd6 Ref7 28. h5 gxh5 29. Rb7 Bf8 30. Qc7 d2 31. Kh2 d1=Q 32.
Rxd1 Bxd1 33. Bd6 Bg7 34. f3 h4 35. Kh3 Nd4 36. Qc8 Nxf3 37. Rxd7 Ng5+ 38.
Kh2 h3 39. Rxf7 Rxf7 40. gxh3 Rf2+ 41. Kh1 Bd4 42. Qd7+ Nf7 43. Be5 Bf3+
44. Kg1 Rg2+ 0-1

[Event "HZ Open"]
[Site "Vlissingen NED"]
[Date "2006.08.07"]
[Round "4"]
[White "Roy Chowdhury,S"]
[Black "Wolferink,F"]
[Result "1/2-1/2"]
[WhiteElo "2394"]
[BlackElo "2141"]
[EventDate "2006.08.05"]

1. e4 g6 2. d4 Bg7 3. Nc3 d6 4. Be3 a6 5. a4 b6 6. Nf3 Nd7 7. Bc4 Bb7 8.
O-O Ngf6 9. d5 O-O 10. Nd4 Ne5 11. Be2 c5 12. Nb3 Rc8 13. Nd2 Ne8 14. f4
Nd7 15. Nf3 e6 16. Bc4 exd5 17. Nxd5 Ndf6 18. c3 Nxe4 19. Qd3 N8f6 20.
Nxf6+ Nxf6 21. Bxa6 Bxa6 22. Qxa6 Re8 23. Bf2 Qd7 24. Rfd1 Ne4 25. Qc4 Qf5
26. Bg3 Rcd8 27. Rd5 Qg4 28. Rad1 Nxg3 29. hxg3 Bf8 30. b3 h6 31. Kh2 Re6
32. R5d2 Rde8 33. Qd5 Bg7 34. Rd3 Bf8 35. Rf1 Re2 36. Rfd1 Ra2 37. R3d2
Rxd2 38. Rxd2 Re3 39. Rd3 Re2 40. Nd2 Re1 41. Nf3 Re2 42. Rd2 Re3 43. Rd3
1/2-1/2

[Event "HZ Open"]
[Site "Vlissingen NED"]
[Date "2006.08.07"]
[Round "4"]
[White "Karasik,E"]
[Black "Sonder,P"]
[Result "1-0"]
[WhiteElo "2289"]
[BlackElo "2107"]
[EventDate "2006.08.05"]

1. e4 c5 2. Nf3 Nc6 3. d4 cxd4 4. Nxd4 Nf6 5. Nc3 e5 6. Ndb5 d6 7. Bg5 a6
8. Na3 b5 9. Bxf6 gxf6 10. Nd5 Bg7 11. Qh5 Ne7 12. Ne3 f5 13. exf5 e4 14.
c3 d5 15. O-O-O Bb7 16. Qg5 Be5 17. Nac2 Qd6 18. g3 h5 19. Qh4 Rc8 20. Kb1
Qb6 21. Bg2 b4 22. Nxb4 d4 23. Qxe7+ Kxe7 24. Ned5+ 1-0

[Event "HZ Open"]
[Site "Vlissingen NED"]
[Date "2006.08.07"]
[Round "4"]
[White "Zambrana,O"]
[Black "Slings,S"]
[Result "1-0"]
[WhiteElo "2429"]
[BlackElo "2090"]
[EventDate "2006.08.05"]

1. e4 c5 2. Nf3 e6 3. d4 cxd4 4. Nxd4 a6 5. c4 Nf6 6. Nc3 Bb4 7. Nc2 Bxc3+
8. bxc3 Qc7 9. Qd3 Qe5 10. f3 d5 11. Qd4 Qxd4 12. cxd4 dxe4 13. fxe4 Nxe4
14. Bd3 Nf6 15. Ba3 Bd7 16. O-O b5 17. Ne3 Nc6 18. Bc5 Na5 19. Rae1 bxc4
20. Bxc4 Ne4 21. Bd3 Bc6 22. Bxe4 Bxe4 23. d5 Nb7 24. Ba3 Rd8 25. dxe6 fxe6
26. Rf4 Bc6 27. Nc4 Bd5 28. Ne5 Rc8 29. Ref1 Kd8 30. Nf7+ Kc7 31. Nxh8 Rxh8
32. Rf7+ Kb6 33. Rb1+ Ka7 34. Rxg7 Rc8 35. Rb2 Be4 36. Re7 Rc3 37. Bb4 Rc6
38. Bd2 1-0

[Event "HZ Open"]
[Site "Vlissingen NED"]
[Date "2006.08.07"]
[Round "4"]
[White "Rens,C"]
[Black "Saptarshi,R"]
[Result "0-1"]
[WhiteElo "2083"]
[BlackElo "2373"]
[EventDate "2006.08.05"]

1. e4 d5 2. exd5 Qxd5 3. Nc3 Qa5 4. d4 Nf6 5. Nf3 c6 6. Bc4 Bf5 7. Bd2 Qc7
8. Bb3 e6 9. Qe2 Nbd7 10. O-O-O O-O-O 11. Ne5 Nxe5 12. dxe5 Ng4 13. Rhe1
Bc5 14. Bg5 Rxd1+ 15. Nxd1 Bd4 16. Bf4 f6 17. Bg3 Bxe5 18. Bxe5 Nxe5 19.
Ne3 Kb8 20. Nxf5 exf5 21. f4 Nd7 22. Qe8+ Rxe8 23. Rxe8+ Qc8 24. Rxc8+ Kxc8
25. Bg8 Nf8 26. c4 g5 27. g3 h6 28. Kd2 Kd7 29. Ke3 Kd6 30. b4 b6 31. a4
Ng6 32. a5 bxa5 33. c5+ Kd7 34. bxa5 Ne7 35. Bc4 Nd5+ 36. Kf3 Nc3 37. Ke3
Ne4 38. Kd4 Nd2 39. Bd3 Nb3+ 40. Kc4 Nxa5+ 41. Kb4 Nb7 42. Bxf5+ Kc7 43.
Bd3 a5+ 44. Kc4 Nd8 45. fxg5 fxg5 46. Bf5 Nb7 47. Bc2 Kd7 48. Kd4 Nd8 49.
Ke5 Ke7 50. Ba4 Ne6 51. Bxc6 Nxc5 52. Kd5 Nd7 53. Ke4 Kd6 54. Bb5 Ke6 55.
h4 Nf6+ 56. Kf3 Kd5 57. Ba4 Kc4 58. Ke3 Kb4 59. hxg5 hxg5 60. Bd1 a4 61.
Bxa4 Kxa4 62. Kd4 Ng4 63. Ke4 Nh2 64. g4 Kb4 65. Kf5 Nf3 66. Ke4 Ng1 67.
Kf5 Nh3 0-1

[Event "HZ Open"]
[Site "Vlissingen NED"]
[Date "2006.08.07"]
[Round "4"]
[White "Roktim,B"]
[Black "Van Rij,G"]
[Result "1-0"]
[WhiteElo "2365"]
[BlackElo "2079"]
[EventDate "2006.08.05"]

1. d4 f5 2. Nc3 d5 3. e4 dxe4 4. f3 Nf6 5. fxe4 fxe4 6. Bc4 Nc6 7. Nge2 e5
8. Bg5 Bf5 9. Ng3 Qxd4 10. Nxf5 Qxc4 11. Bxf6 gxf6 12. Qh5+ Kd7 13. O-O-O+
Bd6 14. Qg4 Qe6 15. Nxe4 Nd4 16. Rxd4 exd4 17. Qg7+ Qe7 18. Nxf6+ Ke6 19.
Nxe7 Bxe7 20. Re1+ 1-0

[Event "HZ Open"]
[Site "Vlissingen NED"]
[Date "2006.08.07"]
[Round "4"]
[White "Schlawin,M"]
[Black "Oud,N"]
[Result "1-0"]
[WhiteElo "2349"]
[BlackElo "2066"]
[EventDate "2006.08.05"]

1. e4 c5 2. Nf3 Nc6 3. Bb5 d6 4. O-O Bd7 5. Re1 Nf6 6. c3 Qb6 7. Bf1 Bg4 8.
d3 e6 9. Nbd2 Be7 10. h3 Bh5 11. g4 Bg6 12. Nh4 Nd7 13. Ng2 O-O 14. f4 f6
15. Nc4 Qc7 16. f5 Bf7 17. Nce3 d5 18. fxe6 Bxe6 19. exd5 Qg3 20. dxe6 Nde5
21. Be2 g6 22. Rf1 Bd6 23. Qe1 Qxh3 24. Qh4 1-0